书目信息 |
| 题名: |
给排水、采暖、燃气工程专业工程量清单计价实用手册
|
|
| 作者: | 李岩松 主编 | |
| 分册: | ||
| 出版信息: | 北京 中国电力出版社 2005 |
|
| 页数: | 227页 | |
| 开本: | 26cm | |
| 丛书名: | 清单计价实用手册丛书 | |
| 单 册: | ||
| 中图分类: | TU723.3-62 | |
| 科图分类: | ||
| 主题词: | 给排水系统--gei pai shui xi tong--建筑安装工程--工程造价--手册 , 采暖--cai nuan--建筑安装工程--工程造价--手册 , 燃气--ran qi--建筑安装工程--工程造价--手册 | |
| 电子资源: | ||
| ISBN: | 7-5083-3796-4 | |
| 000 | 01034cam2 2200277 450 | |
| 001 | 012006064840 | |
| 005 | 20060329101010.1 | |
| 010 | @a7-5083-3796-4@dCNY32.00 | |
| 100 | @a20050716d2005 em y0chiy0121 ea | |
| 101 | 0 | @achi |
| 102 | @aCN@b110000 | |
| 105 | @afk z 000yy | |
| 200 | 1 | @a给排水、采暖、燃气工程专业工程量清单计价实用手册@Agei pai shui、 cai nuan、 ran qi gong cheng zhuan ye gong cheng liang qing dan ji jia shi yong shou ce@f李岩松主编 |
| 210 | @a北京@c中国电力出版社@d2005 | |
| 215 | @a227页@c图@d26cm | |
| 225 | 2 | @a清单计价实用手册丛书@Aqing dan ji jia shi yong shou ce cong shu |
| 320 | @a有书目 | |
| 461 | 0 | @12001 @a清单计价实用手册丛书 |
| 606 | 0 | @a给排水系统@Agei pai shui xi tong@x建筑安装工程@x工程造价@j手册 |
| 606 | 0 | @a采暖@Acai nuan@x建筑安装工程@x工程造价@j手册 |
| 606 | 0 | @a燃气@Aran qi@x建筑安装工程@x工程造价@j手册 |
| 690 | @aTU723.3-62@v4 | |
| 701 | 0 | @a李岩松@Ali yan song@4主编 |
| 801 | 0 | @aCN@bSRXX@c20060112 |
| 801 | 2 | @aCN@bSRXX@c20060329 |
| 905 | @a10447@dTU723.3-62@eL310 | |
| 给排水、采暖、燃气工程专业工程量清单计价实用手册/李岩松主编.-北京:中国电力出版社,2005 |
| 227页:图;26cm.-(清单计价实用手册丛书) |
| ISBN 7-5083-3796-4:CNY32.00 |
| ● |
| 相关链接 |
|
|
|
正题名:给排水、采暖、燃气工程专业工程量清单计价
索取号:TU723.3-62/L310
 
预约/预借
| 序号 | 登录号 | 条形码 | 馆藏地/架位号 | 状态 | 备注 |
| 1 | 549274 | 205492741 | 建筑库201/ [索取号:TU723.3-62/L310] | 在馆 | |
| 2 | 549275 | 205492750 | 建筑库201/201建筑库 105排8列2层/ [索取号:TU723.3-62/L310] | 在馆 | |
| 3 | 549276 | 205492769 | 建筑库201/201建筑库 105排8列2层/ [索取号:TU723.3-62/L310] | 在馆 | |
| 4 | 549277 | 205492778 | 建筑库201/ [索取号:TU723.3-62/L310] | 在馆 | |
| 5 | 549278 | 205492787 | 建筑库201/201建筑库 105排8列2层/ [索取号:TU723.3-62/L310] | 在馆 |